000 00418nmm a2200157Ia 4500
008 251105s9999||||xx |||||||||||||||||und||
041 _aspa
100 _aNovak, Brenda
245 0 _aUn completo desconocido
264 _a[Madrid, España] :
_bHarlequin,
_c2011
300 _a256 páginas
490 _aSensaciones
650 _aRomance
856 _uhttps://public.digitaliapublishing.com/a/50049
942 _cCF
999 _c100572
_d100572